Monarchie d'Europa - Morte improvvisa - Statistics

Statistiche generali
  • Questo quiz è stato fatto 437 volte
  • Il punteggio medio è 8 su 11
Answers on the Grid
Answers color-coded by a green-red scale on the quiz's grid according to % correct below.
Albania
Austria
Belgio
Bulgaria
Città del Vaticano
Croazia
Danimarca
Finlandia
Francia
Germania
Grecia
Italia
Liechtenstein
Lituania
Lussemburgo
Monaco
Norvegia
Paesi Bassi
Polonia
Regno Unito
Repubblica Ceca
Romania
San Marino
Serbia
Slovacchia
Slovenia
Spagna
Svezia
Svizzera
Ungheria
 
Statistiche sulle risposte
Risposta % Corretto
Regno Unito
90%
Monaco
82%
Spagna
82%
Danimarca
81%
Svezia
77%
Norvegia
72%
Belgio
68%
Paesi Bassi
68%
Lussemburgo
67%
Città del Vaticano
66%
Liechtenstein
66%
Nessun quiz corrispondente trovato
Distribuzione punteggi
Percentuale di utenti per punteggio
Percentile per numero di risposta
I tuoi punteggi nel tempo
Non hai fatto questo quiz